000 00772nam a22001577a 4500
003 OSt
005 20150919163216.0
008 150919b xxu||||| |||| 00| 0 eng d
040 _cRUA
082 _aAGR KON 2008 B036 Or.1
100 _9890
_aKONG, NARIN.
245 _aAssessing nitrogen management option for rice production in the rainfed lowland cambodia ការវាយតំលៃលើជំរើសនៃការគ្រប់គ្រងជីអាសូតសំរាប់ផលិតកម្មដំណាំស្រូវក្នុងតំបន់ទំនាបអាស្រ័យទឹកភ្លៀងនៃប្រទេសកម្ពុជា
260 _aPhnom Penh
_bRUA
_c2008
300 _axiii; 53p.
_bill.
_c29cm.
942 _2ddc
_cAGR
999 _c858
_d858